| 000 | 00570nam a2200205Ia 4500 | ||
|---|---|---|---|
| 003 | OSt | ||
| 005 | 20250730144902.0 | ||
| 008 | 210210b1997 xxu||||| |||| 00| 0 eng d | ||
| 040 | _cAL | ||
| 041 | _aKannada | ||
| 082 | _aK894.3 JAYS | ||
| 100 |
_aJAYANTA (Dalvi). _dಜಯಂತ (ದಾಲ್ವಿ) _9233567 |
||
| 245 |
_aSandhi prakasha. _b ಸಂಧಿ ಪ್ರಕಾಶ. |
||
| 260 |
_aMaisuru. _bKavyalaya Prakashakaru, _c1997 |
||
| 300 | _axi,123 | ||
| 650 |
_aKadambari _9233568 |
||
| 690 |
_aKannada Fiction _9233569 |
||
| 906 | _a056334 | ||
| 942 |
_2ddc _cBK |
||
| 999 |
_c104059 _d104059 |
||